Регионална библиотека "Любен Каравелов" - Русе

Пожелай си нещо! (Запис номер 160585)

MARC детайли
000 -Лидер
Контролно поле с фиксирана дължина 01404nam a2200349 c 4500
003 - Код на организацията, давaща контролен номер
Контролно поле BLK
005 - Дата и час на последна редакция
Контролно поле 20250729181627.0
008 - Елементи от данни с фиксирана дължина
fixed length control field 180410b bul|||||r ||||||| ||bul||
020 ## - Международен стандартен номер на книга ISBN
Международен стандартен номер на книга ISBN 3800083813262
040 ## - Източник на каталожния запис
Идентификатор на билиотеката - собственик на записа BLK
041 ## - Код за език
Код за езика на текст/звукозапис или на отделно заглавие Български
Код за езика КДБФ Български
080 ## - УДК
Текстов определител УДК Английска литература
УДК код - определител по УДК 821.111
УДК определител -93-34
УДК - код + определител 821.111-93-34
100 1# - Редна дума - Автор
Автор Батърфийлд, Мойра
Авторска отговорност първи автор
R(LIN) 37084
139 ## - Редно поле
Редна дума Батърфийлд, Мойра и др.
Авторски знак Бат - Б 28
245 10 - Сведения за заглавието
Заглавие Пожелай си нещо!
Подзаглавни данни Със светкащи свещички + муз. поздрав за рожден ден
Редно поле (дума) Мойра Батърфийлд; съавт. Алисън Еджсън.
257 ## - Страна на издаване
Страна на създаване/издаване Великобритания
260 ## - Област на издателските данни
Име на издателя, разпространителя и проч. Фют
Година на издаване 2013
Печатница отпеч. в Китай
Място на издаване, разпространение и проч. София
300 ## - Физическа характеристика
Страници 17 с.
Илюстрации и др. с цв. ил.
Размери/Мащаб 25Х24 см
380 ## - Жанр
Жанр Детска худож. лит.
500 ## - Общи забележки
Забележка Кор. опис. - Ориг. загл. Make a Wish. - Кн. е отпеч. на ламиниран картон.
653 ## - Ключова дума – ненормативна
Ключова дума приказки
653 ## - Ключова дума – ненормативна
Ключова дума литература за деца
653 ## - Ключова дума – ненормативна
Ключова дума детска литература
659 ## - Тематичен бюлетин
Тематичен бюлетин Н
700 1# - Други автори (авторска отговорност)
Лично име Еджсън, Алисън
Автороска отговорност (Описва отношението между автора и произведението) съавт.
9 (RLIN) 66719
856 4# - Електронен адрес и достъп
Електронен формат pdf - файл
856 4# - Електронен адрес и достъп
Електронен формат pdf - файл
942 ## - АРТИКУЛИ
Вид на библиотечния материал Книги
Скрит в OPAC Не
Koha issues (borrowed), all copies 19
944 ## - СЪЗДАВАНЕ И РЕДАКЦИЯ на ЗАПИСА
Създаване/Редакция Създаване
Дата на регистрацията/редакция 27.11.2014
Статус, дата на статуса Анна Гръцманова
Служител, извършил регистрацията/редакцията 30564
944 ## - СЪЗДАВАНЕ И РЕДАКЦИЯ на ЗАПИСА
Създаване/Редакция Редакция
Дата на регистрацията/редакция 15.01.2015
Статус, дата на статуса ф /
Служител, извършил регистрацията/редакцията Людмила_Стоянова
999 ## - СИСТЕМНИ КОНТРОЛНИ НОМЕРА
Koha biblionumber 160585
Koha biblioitemnumber 160585
999 ## - СИСТЕМНИ КОНТРОЛНИ НОМЕРА
Koha biblioitemnumber 160585
Наличности
Код за отписване Код за изгубен артикул Източник на класификационната схема Код за повреда Коз за рестрикции Код за отдаване Артикулен № Име на библиотеката - собственик Име на библиотеката, в която се намира в момента Статус (Текущо местоположение) Дата на вписване в системата Местоположение - отдел Цена в лева Инвентарен номер Систематично азбучна сигнатура Баркод Номер на екземпляра Цена в евро Служебна бележка Служебен тип на артикула
Изтеглен Не е изгубен Universal Decimal Classification Не е повреден без рестрикции заемане за дома 268480 Регионална библиотека "Любен Каравелов" Русе Регионална библиотека "Любен Каравелов" Русе Детски отдел 2014-11-29 Детски отдел 15.90 120000783245 ДХ 820/899/Б 28 120000783245 1 8.13 Дост: Pk Вид: Ф N: 418 Дата: 22.11.2014 Дата инв: 21.08.2015 Бележки инв: Д2015 Книги
  Не е изгубен Universal Decimal Classification Не е повреден   заемане за дома 975392 Регионална библиотека "Любен Каравелов" Русе Регионална библиотека "Любен Каравелов" Русе Детски отдел 2025-06-10 Детски отдел 15.90 120000920387 821-93/Б 28 М 120000920387   8.13   Книги
Vip Innovations Ltd, Rousse, Bulgaria 2025